A GUIDE TO PATHOLOGY (Record no. 11322)

MARC details
000 -LEADER
fixed length control field 00311nam a22001457a 4500
003 - CONTROL NUMBER IDENTIFIER
control field SGT
020 ## - INTERNATIONAL STANDARD BOOK NUMBER
International Standard Book Number 81-7179-142-5
082 ## - DEWEY DECIMAL CLASSIFICATION NUMBER
Classification number 616.07
Item number P05C
100 ## - MAIN ENTRY--PERSONAL NAME
Personal name CHAUDHARY,K
245 ## - TITLE STATEMENT
Title A GUIDE TO PATHOLOGY
260 ## - PUBLICATION, DISTRIBUTION, ETC. (IMPRINT)
Place of publication, distribution, etc NEW DELHI
Name of publisher, distributor, etc JAYPEE PUB
Year of Publication 2005
300 ## - PAGE DESCRIPTION
No. of Pages 310
650 ## - SUBJECT ADDED ENTRY--TOPICAL TERM
Topical term or geographic name as entry element AYURVEDA
942 ## - ADDED ENTRY ELEMENTS (KOHA)
Source of classification or shelving scheme Dewey Decimal Classification
Koha item type Books
942 ## - ADDED ENTRY ELEMENTS (KOHA)
-- 8
Holdings
Withdrawn status Lost status Source of classification or shelving scheme Damaged status Use restrictions Not for loan Collection code Home library Current library Shelving location Date acquired Vendor Name Cost, normal purchase price SGTU Bill Number Total Checkouts Full call number Accession No. (Barcode) Date last seen Date last borrowed Bill Date Koha item type
    Dewey Decimal Classification   Restricted Access   AYURVEDA SGT FA-FP Library SGT FA-FP Library Reference Book 27/03/2017 AHUJA PUB 275.00 SGTU 7718 2 616.07 P05C FA5581 25/08/2021 11/08/2021 11/02/2017 Books
    Dewey Decimal Classification       AYURVEDA SGT FA-FP Library SGT FA-FP Library Text Book 27/03/2017 AHUJA PUB 275.00 SGTU 7718 2 616.07 P05C FA5582 03/06/2025 02/06/2025 11/02/2017 Books
    Dewey Decimal Classification       AYURVEDA SGT FA-FP Library SGT FA-FP Library Text Book 27/03/2017 AHUJA PUB 275.00 SGTU 7718 3 616.07 P05C FA5583 05/06/2025 02/06/2025 11/02/2017 Books
    Dewey Decimal Classification       AYURVEDA SGT FA-FP Library SGT FA-FP Library Text Book 27/03/2017 AHUJA PUB 275.00 SGTU 7718   616.07 P05C FA5584 27/03/2017   11/02/2017 Books
    Dewey Decimal Classification   Restricted Access   AYURVEDA SGT FA-FP Library SGT FA-FP Library Reference Book 27/03/2017 AHUJA PUB 275.00 SGTU 7718   616.07 P05C FA5585 27/03/2017   11/02/2017 Books
    Dewey Decimal Classification       AYURVEDA SGT FA-FP Library SGT FA-FP Library Text Book 27/03/2017 AHUJA PUB 275.00 SGTU 7718 3 616.07 P05C FA5586 16/09/2024 28/08/2024 11/02/2017 Books
    Dewey Decimal Classification       AYURVEDA SGT FA-FP Library SGT FA-FP Library Text Book 27/03/2017 AHUJA PUB 275.00 SGTU 7718 2 616.07 P05C FA5587 26/08/2021 11/08/2021 11/02/2017 Books
    Dewey Decimal Classification       AYURVEDA SGT FA-FP Library SGT FA-FP Library Text Book 27/03/2017 AHUJA PUB 275.00 SGTU 7718 3 616.07 P05C FA5588 12/02/2018 27/01/2018 11/02/2017 Books
    Dewey Decimal Classification       AYURVEDA SGT FA-FP Library SGT FA-FP Library Text Book 27/03/2017 AHUJA PUB 275.00 SGTU 7718 2 616.07 P05C FA5589 05/09/2022 01/09/2022 11/02/2017 Books
    Dewey Decimal Classification       AYURVEDA SGT FA-FP Library SGT FA-FP Library Text Book 27/03/2017 AHUJA PUB 275.00 SGTU 7718 3 616.07 P05C FA5590 09/05/2026 06/05/2026 11/02/2017 Books